000 00436nam a2200181Ia 4500
001 24503
005 20260414151048.0
008 260414t2007||||xx |||||||||||||| ||spa||
041 _aESP
082 _a345.71
_bM84T
100 _aMonroy Gálvez, Juan F.
_eAUT
245 0 _aTeoría general del proceso No. 6
_b
260 _c2007
300 _a613 páginas :
_ccm.
650 _aDER
654 _aCDE
942 _cLIB
_dJUS
_fJUS
_2ddc
_n
999 _c24503
_d24503